000 01129nas a2200337 4500
001 BR8202151
003 BR-BrBNA
005 20231205085129.0
007 ta
008 230509b bl.|||p| |||| 00| 00por d
040 _aBR-BrBNA
_bpor
_cBiblioteca Nacional de Agricultura
041 _a(Pt)
072 _aF00; H60
100 1 _aRezende, P.M. de
100 1 _aAlcantara, E.N. de
100 1 _aVieira Neto, J.C.
245 1 _aEfeito de herbicidas isolados e em mistura sobre a producao de graos, controle de plantas daninhas e nodulacao da soja (Glycine max (L.)Merril)
246 1 _aEffects of herbicides alone and in mixture on grain yields, weed control and nodulation of soybean (Glycine max (L.)Merril)
650 _aSOJA
650 _aSEMENTE
650 _aPAPUA
650 _aCAPIM PE DE GALINHA
650 _aCAPIM COLCHAO
650 _aPOAIA ROXA
650 _aHERBICIDA
650 _aNODULACAO
650 _aCONTROLE QUIMICO
773 0 _tCiencia e Pratica (Brazil)
_xISSN 0100-3267
_g(Jan 1981), v. 5(1) p. 59-65
_wBR8202151
909 _a202311
_bLúcia
_c55
_dLúcia Elande
942 _2AGRIS
_n0
_cANA
999 _c109419
_d109419